|
|
|
|
| LEADER |
00000nam0a2200000 4500 |
| 001 |
71219 |
| 005 |
20231101212551.0 |
| 010 |
|
|
|a 5720506446
|
| 035 |
|
|
|a (RuTPU)RU\TPU\book\75823
|
| 090 |
|
|
|a 71219
|
| 100 |
|
|
|a 20041211d2005 m y0rusy50 ca
|
| 101 |
0 |
|
|a rus
|
| 102 |
|
|
|a RU
|
| 105 |
|
|
|a y j 001zy
|
| 200 |
1 |
|
|a Экологическое право
|e курс лекций
|f А. Ю. Семьянова
|
| 210 |
|
|
|a Москва
|c Юстицинформ
|d 2005
|
| 215 |
|
|
|a 272 с.
|
| 225 |
1 |
|
|a Образование
|
| 320 |
|
|
|a Библиогр.: с. 199-215.
|
| 330 |
|
|
|a Курс лекций «Экологическое право» разработан в соответствии с Государственным образовательным стандартом высшего профессионального образования по специальности «Юриспруденция». Детально рассмотрены основные институты экологического права с учетом новейших изменений экологического законодательства, перспектив его развития и практики применения экологических норм. В пособие дополнительно включены отдельные темы, посвященные правовому режиму использования и охраны отдельных природных объектов и ресурсов (недр, лесов, вод, животного мира и т.п.); учтены также некоторые региональные особенности правового регулирования экологических отношений. Материал курса иллюстрируется таблицами, схемами и рисунком, которые служат для более наглядной иллюстрации сложных институтов экологического права. Издание рекомендуется для применения при изучении дисциплины «Экологическое право» в высших учебных заведениях для студентов всех форм обучения, изучающих правовые дисциплины.
|
| 606 |
1 |
|
|a Экологическое право
|2 stltpush
|3 (RuTPU)RU\TPU\subj\26534
|9 50439
|
| 610 |
1 |
|
|a право
|
| 610 |
1 |
|
|a Россия
|
| 610 |
1 |
|
|a экологические правоотношения
|
| 610 |
1 |
|
|a нормы
|
| 610 |
1 |
|
|a принципы
|
| 610 |
1 |
|
|a природопользование
|
| 610 |
1 |
|
|a природоресурсное право
|
| 610 |
1 |
|
|a государственное управление
|
| 610 |
1 |
|
|a экологические правонарушения
|
| 610 |
1 |
|
|a окружающая среда
|
| 610 |
1 |
|
|a охрана
|
| 610 |
1 |
|
|a экономический механизм
|
| 610 |
1 |
|
|a рациональное использование
|
| 610 |
1 |
|
|a рациональное недропользование
|
| 610 |
1 |
|
|a рациональное природопользование
|
| 610 |
1 |
|
|a леса
|
| 610 |
1 |
|
|a атмосферный воздух
|
| 610 |
1 |
|
|a животный мир
|
| 610 |
1 |
|
|a особо охраняемые природные территории
|
| 610 |
1 |
|
|a учебные пособия
|
| 686 |
|
|
|a Х625я73
|v LBC/SL-A
|2 rubbk
|
| 700 |
|
1 |
|a Семьянова
|b А. Ю.
|g Анна Юрьевна
|
| 801 |
|
1 |
|a RU
|b 63413507
|c 20041211
|g PSBO
|
| 801 |
|
2 |
|a RU
|b 63413507
|c 20230314
|g PSBO
|
| 900 |
|
|
|a Экология
|
| 900 |
|
|
|a Правоведение
|
| 900 |
|
|
|a Защита окружающей среды
|
| 942 |
|
|
|c BK
|
| 955 |
|
|
|b 030501
|
| 959 |
|
|
|a 18/20060226
|d 2
|e 102,30
|f АНЛ:1
|f ОГЛ:1
|